Нефтяная промышленность. 1985, Вып.12(85): Тектоническое районирование нефтегазоносных областей юга СССР с использованием дистанционной информации (Запись № 3072085)

Подробности
000 -МАРКЕР
контрольное поле 01699nam2a22002531 4500
001 - ИДЕНТИФИКАТОР ЗАПИСИ
контрольное поле RU\NLR\INFOCOMM55\1000052192
005 - ИДЕНТИФИКАТОР ВЕРСИИ
контрольное поле 20250617105350.0
035 ## - ДРУГИЕ СИСТЕМНЫЕ НОМЕРА
Идентификатор записи (NLR Aleph) 002557252
100 ## - ДАННЫЕ ОБЩЕЙ ОБРАБОТКИ
Данные общей обработки 20040521d1985 |||y0rusy50 ca
101 0# - ЯЗЫК РЕСУРСА
Язык текста, звукозаписи и т.д. русский
102 ## - СТРАНА ПУБЛИКАЦИИ ИЛИ ПРОИЗВОДСТВА
Страна публикации Российская Федерация
105 ## - ПОЛЕ КОДИРОВАННЫХ ДАННЫХ: ТЕКСТОВЫЕ МАТЕРИАЛЫ, МОНОГРАФИЧЕСКИЕ
Кодированные данные о монографическом текстовом документе y |||||||||
200 1# - ЗАГЛАВИЕ И СВЕДЕНИЯ ОБ ОТВЕТСТВЕННОСТИ
Основное заглавие Тектоническое районирование нефтегазоносных областей юга СССР с использованием дистанционной информации
Обозначение и номер части Ч.1
Первые сведения об ответственности А.Н. Шарданов и др.
210 ## - ПУБЛИКАЦИЯ, РАСПРОСТРАНЕНИЕ И ДР.
Дата издания, распространения и т.д. 1985
Место издания, распространения и т.д. Б. м.
461 #0 - УРОВЕНЬ НАБОРА
Встроенное поле 001RU\NLR\INFOCOMM55\1000052107
-- 2001#$aНефтяная промышленность$eОбзор информ.$eПо информ. обеспечению общесоюз. науч.-техн. программ$iСерия "Геология, геофизика и разработка нефтяных месторождений"$fВНИИ орг., упр. и экономики нефтегазовой пром-сти$v1985, Вып.12(85)
Системный номер (АБИС) связанной записи 3071375
Место публикации М.
Дата публикации 1981-
Первые сведения об ответственности ВНИИ орг., упр. и экономики нефтегазовой пром-сти
Заглавие части Серия "Геология, геофизика и разработка нефтяных месторождений"
Сведения, относящиеся к заглавию Обзор информ. : По информ. обеспечению общесоюз. науч.-техн. программ
Заглавие Нефтяная промышленность
ISSN 0234-1344
Номер тома 1985, Вып.12(85)
700 #1 - ИМЯ ЛИЦА - ПЕРВИЧНАЯ ОТВЕТСТВЕННОСТЬ
Начальный элемент ввода Шарданов
Часть имени, кроме начального элемента ввода А.Н.
Код отношения Автор
801 #1 - ИСТОЧНИК ЗАПИСИ
Страна Российская Федерация
Организация InfoComm
Дата составления 20040521
801 #0 - ИСТОЧНИК ЗАПИСИ
Страна Российская Федерация
Организация NLR
Правила каталогизации PSBO
852 ## - МЕСТОНАХОЖДЕНИЕ И ШИФР ХРАНЕНИЯ
Идентификатор организации NLR
Шифр хранения (Call Number) П10/5872
942 ## - ДОПОЛНИТЕЛЬНЫЕ ЭЛЕМЕНТЫ ЗАПИСИ (АБИС)
Тип экземпляра АБИС Выпуск
980 ## - КОЛЛЕКЦИЯ
Название коллекции Национальная библиография
980 ## - КОЛЛЕКЦИЯ
Название коллекции Русская периодика

Нет доступных экземпляров.